000 01029nam a2200337Ma 4500
001 86402
005 20230410124128.0
008 081016s1994 nyu 001 0 eng d
010 _a 93033829
035 _a(OCoLC)ocn262591962
040 _aAMAUA
_cAMAUA
020 _a0380724898
020 _a9780380724895
035 _a(OCoLC)262591962
049 _aGRAL
050 1 4 _aN158g 1994
100 1 _aNaisbitt, John.
245 1 0 _aGlobal paradox :
_bthe bigger the world economy, the more powerful its smallest players /
_cby John Naisbitt.
260 _aNew York, N.Y. :
_bWilliam Morrow and Company, Inc.,
_cc1994.
300 _a392 p., 18 cm.
500 _aIncludes index.
505 2 _aGlobal paradox--Powering the Paradox : the telecommunications revolutions.
650 0 _aInformation society.
650 0 _aEconomic forecasting.
650 0 _aInternational economic relations.
650 0 _aSmall business.
650 0 _aRegionalism.
942 _2lcc
_cbk
994 _aC0
_bDRFGD
946 _ardc
999 _c71571
_d71571